skbl

Dr Suryya Kumar Bhuyan Library Web-OPAC
ডঃ সূৰ্য্য
কুমাৰ ভূঞা পুথিভঁৰাল ৱেব-অ'পেক

All Research Scholars are advised to clear the annual library fees to continue using Library Resources, Remote Access, Plagiarism Test and Library Clearance.

Cotton University Book Fair 2026

Programmed Statistics : (Record no. 54745)

MARC details
000 -LEADER
fixed length control field 00551nam a2200193Ia 4500
001 - CONTROL NUMBER
control field 54791
008 - FIXED-LENGTH DATA ELEMENTS--GENERAL INFORMATION
fixed length control field 120503n2010 ii |||gr||||Z||||||465
020 ## - INTERNATIONAL STANDARD BOOK NUMBER
International Standard Book Number 9788122414585
082 ## - DEWEY DECIMAL CLASSIFICATION NUMBER
Classification number 310
245 #0 - TITLE STATEMENT
Title Programmed Statistics :
Remainder of title (Questions- Answers ) /
Statement of responsibility, etc. B.L.Agarwal .
Medium Textual Documents
250 ## - EDITION STATEMENT
Edition statement 2nd ed.
260 ## - PUBLICATION, DISTRIBUTION, ETC.
Place of publication, distribution, etc. New Delhi
Name of publisher, distributor, etc. New Age International ( P ) Limited
Date of publication, distribution, etc. 2010
300 ## - PHYSICAL DESCRIPTION
Extent 629pg:
Dimensions 27cm.
653 ## - INDEX TERM--UNCONTROLLED
Uncontrolled term Statistics
653 ## - INDEX TERM--UNCONTROLLED
Uncontrolled term Dept- Statistics
653 ## - INDEX TERM--UNCONTROLLED
Uncontrolled term G- Statistics
700 ## - ADDED ENTRY--PERSONAL NAME
Personal name Agarwal, B.L.,
Relator term Author.,
942 ## - ADDED ENTRY ELEMENTS (KOHA)
Source of classification or shelving scheme Dewey Decimal Classification
Koha item type Books
Holdings
Withdrawn status Lost status Damaged status Not for loan Collection Home library Current library Shelving location Date acquired Source of acquisition Coded location qualifier Cost, normal purchase price Total checkouts Full call number Barcode Date last seen Copy number Price effective from Koha item type Public note
          Dr. Suryya Kumar Bhuyan Library Dr. Suryya Kumar Bhuyan Library   03/05/2012 ST 00000 275.00   310 Ag 15 pr 825/stat 14/01/2024 1 03/05/2012 Books ST
          Dr. Suryya Kumar Bhuyan Library Dr. Suryya Kumar Bhuyan Library   03/05/2012 ST 00000 275.00   31o Ag 15 Pr 824/Stat 14/01/2024 2 03/05/2012 Books ST

Designed and Maintained by Team SKBL
©1901-2026

Powered by Koha